000 00288nam a22001337a 4500
008 170809b xxu||||| |||| 00| 0 eng d
020 _a1435487222
041 _aeng
080 _a004
100 _a35
101 _aSHKI
245 _aA+ GUIDE TO SOFTWARE
_cANDREWS, J
942 _2udc
_cBK
999 _c23040
_d23040